00620cam a22002291 4500001001300000003000400013005001700017008004100034010001700075035001900092040002200111042001200133043001200145050001600157100003200173245005100205260004800256300001700304500001700321650003500338999001700373agr49000010 DLC20260227111010.0800326s1948 nyu 000 0 eng  aagr49000010  a(OCoLC)6129840 aDLCcNSySU-FdDLC apremarc ae-gx---00aSD195b.S281 aSchenck, Carl Alwin,d1868-10aForestry in Germany,bpresent and prospective. aNew York,bNewsprint Service Bureau,c1948. a42 pc22 cm. aCover title. 0aForests and forestryzGermany. c10925d10925